[Event "Championnat de France des Jeunes - Benjamines"]
[Site "MONTLUCON"]
[Date "2011.04.18"]
[Round "3.5"]
[White "Vernet, Solene"]
[Black "Fraval, Julie"]
[Result "1-0"]
[WhiteElo "1707"]
[BlackElo "1593"]
[PlyCount "59"]

1. e4 d6 2. Nc3 Nf6 3. Nf3 Nbd7 4. Bc4 h6 5. d4 e5 6. dxe5 dxe5 7. O-O Bc5 8.
h3 O-O 9. Bd2 c6 10. a3 b5 11. Ba2 a5 12. Qe2 Ba6 13. Nd1 Bb6 14. b4 c5 15. Bc3
Qc7 16. Re1 Rac8 17. Nh4 cxb4 18. axb4 a4 19. Nf5 Rfe8 20. Qf3 Nf8 21. Qg3 Ng6
22. h4 h5 23. Qg5 Bb7 24. Ng3 Qd7 25. Qf5 Bd4 26. Bxd4 Qxd4 27. c3 Qd2 28. Re2
Qd3 29. Qxg6 Rf8 30. Nf5 1-0

[Event "Championnat de France des Jeunes - Benjamines"]
[Site "MONTLUCON"]
[Date "2011.04.18"]
[Round "3.6"]
[White "Dory, Manon"]
[Black "Imperor, Lorene"]
[Result "0-1"]
[WhiteElo "1620"]
[BlackElo "1672"]
[PlyCount "98"]

1. e4 c5 2. Nf3 Nc6 3. d4 cxd4 4. Nxd4 e5 5. Nb3 Nf6 6. f3 d5 7. Bg5 d4 8. N1d2
Be7 9. Bc4 O-O 10. g3 a6 11. Bxf6 Bxf6 12. f4 Qd6 13. f5 b5 14. Bd5 Rb8 15. Qh5
Nb4 16. g4 Nxd5 17. exd5 Qxd5 18. Rf1 h6 19. h4 Bd8 20. g5 Qg2 21. gxh6 Qg3+
22. Ke2 Qe3+ 23. Kd1 Qxh6 24. Qxh6 gxh6 25. f6 Kh7 26. Ne4 Rb6 27. Rf2 Rg8 28.
Kd2 Rg4 29. Nbc5 Rc6 30. h5 Bb6 31. b4 Bxc5 32. Nxc5 e4 33. Ke2 e3 34. Rf3 Rg2+
35. Kd3 Rxc5 36. bxc5 Rd2+ 37. Ke4 Bb7+ 38. Kf4 Bxf3 39. Kxf3 Rxc2 40. Rg1 e2
41. Kf2 d3 42. Rg7+ Kh8 43. Rxf7 Rc1 44. Re7 Rf1+ 45. Kg2 Rxf6 46. Re8+ Kg7 47.
Re7+ Kf8 48. Re3 d2 49. Rxe2 d1=Q 0-1

[Event "Championnat de France des Jeunes - Benjamines"]
[Site "MONTLUCON"]
[Date "2011.04.18"]
[Round "3.7"]
[White "Terrazzoni, Claire"]
[Black "Minaud, Emily"]
[Result "0-1"]
[WhiteElo "1533"]
[BlackElo "1670"]
[PlyCount "141"]

1. e4 e5 2. Nf3 Nc6 3. Bb5 a6 4. Ba4 b5 5. Bb3 Nf6 6. O-O Bc5 7. Re1 O-O 8. c3
h6 9. d4 exd4 10. cxd4 Bb6 11. Nc3 d6 12. h3 Re8 13. Bc2 Bb7 14. Bf4 Ne7 15. a3
Ng6 16. Bg3 Nh7 17. Qd2 Ng5 18. Nxg5 hxg5 19. Rad1 Qf6 20. Bb3 c5 21. Bd5 cxd4
22. Bxb7 dxc3 23. Qxc3 Qxc3 24. bxc3 Ra7 25. Bd5 Bc5 26. Ra1 Ne7 27. Bb3 Nc6
28. Kf1 a5 29. f3 a4 30. Bc2 Na5 31. Bf2 f6 32. Bd3 Rb7 33. Reb1 Reb8 34. Ra2
Nc4 35. Ke2 Ne5 36. Bd4 Bxd4 37. cxd4 Nc4 38. Bxc4+ bxc4 39. Rxb7 Rxb7 40. Kd2
Rb3 41. Kc2 Kf7 42. d5 Ke7 43. Kd2 g6 44. Kc2 f5 45. exf5 gxf5 46. Ra1 Rd3 47.
Re1+ Kd7 48. Rd1 Rxa3 49. Kb2 Rd3 50. Kc2 a3 51. Ra1 Kc7 52. Rb1 Rxd5 53. Kc3
a2 54. Ra1 Rd3+ 55. Kxc4 Rd2 56. Rg1 Rb2 57. Ra1 Rxg2 58. Kb3 Kd7 59. Rxa2 Rxa2
60. Kxa2 Ke6 61. Kb3 Ke5 62. Kc3 Kf4 63. Kd4 Kxf3 64. Kd3 f4 65. Kd4 Kg3 66.
Ke4 Kxh3 67. Kf3 d5 68. Ke2 Kg2 69. Kd3 f3 70. Kd4 f2 71. Kxd5 0-1

[Event "Championnat de France des Jeunes - Benjamines"]
[Site "MONTLUCON"]
[Date "2011.04.18"]
[Round "3.8"]
[White "Banat, Rizlene"]
[Black "Parlas, Helin"]
[Result "1-0"]
[WhiteElo "1667"]
[BlackElo "1500"]
[PlyCount "65"]

1. Nf3 e6 2. c4 c5 3. g3 g6 4. Bg2 Bg7 5. O-O Ne7 6. Nc3 Nbc6 7. d3 d5 8. cxd5
exd5 9. Bf4 a6 10. a3 O-O 11. Qc2 Be6 12. Ng5 Nd4 13. Qd1 Qb6 14. Nxe6 fxe6 15.
Rb1 Nb3 16. Bg5 Bf6 17. Bxf6 Rxf6 18. Qc2 Nf5 19. Nxd5 Nfd4 20. Nxb6 Nxc2 21.
Nxa8 Nd2 22. Rfd1 Nxb1 23. Rxb1 Nd4 24. e3 Nf3+ 25. Bxf3 Rxf3 26. Rc1 Rf5 27.
Nb6 Kg7 28. Nd7 Rd5 29. Nxc5 Kh6 30. d4 Kg5 31. Nxe6+ Kg4 32. Kg2 Rb5 33. Rc5
1-0

[Event "Championnat de France des Jeunes - Benjamines"]
[Site "MONTLUCON"]
[Date "2011.04.18"]
[Round "3.9"]
[White "Quelennec, Amelie"]
[Black "Bellaiche, Elise"]
[Result "1/2-1/2"]
[WhiteElo "1525"]
[BlackElo "1916"]
[PlyCount "51"]

1. b3 d5 2. Bb2 Bg4 3. g3 c6 4. Bg2 Nf6 5. Nf3 Bxf3 6. Bxf3 Nbd7 7. O-O e5 8.
d3 Bd6 9. Nd2 O-O 10. Bg2 Re8 11. c4 Qe7 12. Rc1 e4 13. dxe4 dxe4 14. Nxe4 Nxe4
15. Bxe4 Qxe4 16. Qxd6 Rad8 17. Qd4 Qxd4 18. Bxd4 Rxe2 19. Bxa7 Rxa2 20. Be3
Ne5 21. Bf4 Nf3+ 22. Kg2 Nd4 23. Rfd1 Raa8 24. Rb1 c5 25. Bc7 Re8 26. Bb6
1/2-1/2

[Event "Championnat de France des Jeunes - Benjamines"]
[Site "MONTLUCON"]
[Date "2011.04.18"]
[Round "3.10"]
[White "Sauve, Anne-Charlotte"]
[Black "Koch, Marion"]
[Result "1-0"]
[WhiteElo "1756"]
[BlackElo "1650"]
[PlyCount "101"]

1. e4 Nf6 2. Nc3 d5 3. exd5 Nxd5 4. Bc4 Nxc3 5. Qf3 e6 6. Qxc3 Nc6 7. Nf3 b6 8.
Bb5 Rb8 9. Bxc6+ Bd7 10. Bxd7+ Qxd7 11. O-O f6 12. d4 Bd6 13. Re1 O-O 14. Bd2
Rbd8 15. Rad1 a5 16. Qb3 Rfe8 17. Re2 a4 18. Qd3 b5 19. Rde1 c6 20. Ba5 Ra8 21.
Qd2 Kh8 22. Bb4 Kg8 23. Bxd6 Qxd6 24. c3 Qd5 25. a3 Rac8 26. Qe3 Re7 27. Qe4
Qd6 28. Qg4 Rce8 29. Nd2 f5 30. Qh3 Rf8 31. Nf3 Rf6 32. Qg3 Qd7 33. Ne5 Qd6 34.
Qf3 Rc7 35. Qf4 Rh6 36. Nd3 Qe7 37. Nc5 Rh4 38. Qxf5 exf5 39. Rxe7 Rc8 40. Re8+
Rxe8 41. Rxe8+ Kf7 42. Re6 g5 43. Rxc6 f4 44. d5 g4 45. d6 Rh5 46. Rc7+ Kf6 47.
Ne4+ Ke6 48. Re7+ Kd5 49. d7 Kc6 50. d8=Q Rd5 51. Qc7# 1-0

[Event "Championnat de France des Jeunes - Benjamines"]
[Site "MONTLUCON"]
[Date "2011.04.19"]
[Round "4.1"]
[White "Imperor, Lorene"]
[Black "Haussernot, Cecile"]
[Result "0-1"]
[WhiteElo "1672"]
[BlackElo "2013"]
[PlyCount "80"]

1. d4 Nf6 2. c4 e6 3. Nc3 Bb4 4. Qc2 O-O 5. a3 Be7 6. Nf3 c5 7. Bg5 cxd4 8.
Nxd4 d5 9. cxd5 Nxd5 10. Bxe7 Nxe7 11. Rd1 Bd7 12. g3 Nbc6 13. Bg2 a6 14. Nxc6
bxc6 15. Qd3 Ra7 16. O-O Nd5 17. Rc1 Qe7 18. e4 Nxc3 19. Qxc3 Rb7 20. e5 h5 21.
Rc2 Rc8 22. Qa5 Rb5 23. Qxa6 Qd8 24. Qa4 Qb6 25. Rfc1 Rxb2 26. Qc4 Rxc2 27.
Qxc2 c5 28. Rb1 Qa5 29. Qd3 Be8 30. Rc1 c4 31. Qc3 Qc5 32. Bf1 Bb5 33. a4 Ba6
34. a5 Qc6 35. f3 Qc5+ 36. Kg2 Qd5 37. Be2 Rb8 38. Bxc4 Bxc4 39. Qxc4 Rb2+ 40.
Kg1 Qd2 0-1

[Event "Championnat de France des Jeunes - Benjamines"]
[Site "MONTLUCON"]
[Date "2011.04.19"]
[Round "4.2"]
[White "Auvray, Honorine"]
[Black "Banat, Rizlene"]
[Result "0-1"]
[WhiteElo "1735"]
[BlackElo "1667"]
[PlyCount "40"]

1. e4 c5 2. Nf3 Nc6 3. d4 cxd4 4. Nxd4 e5 5. Nb5 a6 6. Nd6+ Bxd6 7. Qxd6 Qf6 8.
Qd1 Qg6 9. Nc3 Nge7 10. g3 d5 11. Bg2 d4 12. Ne2 f5 13. c3 fxe4 14. cxd4 Bg4
15. dxe5 Nxe5 16. Qa4+ b5 17. Qxe4 Qxe4 18. Bxe4 Rd8 19. Bf4 Nf3+ 20. Kf1 Bh3#
0-1

[Event "Championnat de France des Jeunes - Benjamines"]
[Site "MONTLUCON"]
[Date "2011.04.19"]
[Round "4.3"]
[White "Minaud, Emily"]
[Black "Joudelat, Noemie"]
[Result "1-0"]
[WhiteElo "1670"]
[BlackElo "1732"]
[PlyCount "51"]

1. e4 c5 2. Nf3 Nc6 3. d4 cxd4 4. Nxd4 g6 5. c4 Nf6 6. Nc3 Nxd4 7. Qxd4 Bg7 8.
Qd1 d6 9. f3 Bd7 10. Be3 Bc6 11. Qd2 O-O 12. Be2 a5 13. Rc1 Nd7 14. g4 Nc5 15.
b3 Qc8 16. Nd5 Bxd5 17. cxd5 a4 18. h4 f5 19. gxf5 gxf5 20. Rg1 Rf7 21. Bd4
fxe4 22. fxe4 e5 23. dxe6 Qxe6 24. Rxg7+ Rxg7 25. Bc4 Rg1+ 26. Bxg1 1-0

[Event "Championnat de France des Jeunes - Benjamines"]
[Site "MONTLUCON"]
[Date "2011.04.19"]
[Round "4.4"]
[White "Dieuleveut, Floriane"]
[Black "Vernet, Solene"]
[Result "1-0"]
[WhiteElo "1636"]
[BlackElo "1707"]
[PlyCount "77"]

1. e4 d6 2. f4 Nf6 3. Nc3 g6 4. Nf3 Bg7 5. Bc4 c6 6. d3 O-O 7. O-O Nbd7 8. Qe1
Nb6 9. Bb3 Qc7 10. Qh4 Nbd7 11. f5 a5 12. a4 Nh5 13. Ng5 b5 14. fxg6 hxg6 15.
Bxf7+ Rxf7 16. Nxf7 Bf6 17. Ng5 Qb6+ 18. Kh1 Qc5 19. Qf2 Qe5 20. Nf3 Qe6 21.
Bg5 b4 22. Bxf6 Ndxf6 23. Ne2 Ng4 24. Qb6 Bd7 25. Ned4 Qf7 26. Qb7 Rd8 27. Ng5
Qg7 28. Qc7 Rf8 29. Rxf8+ Qxf8 30. Qxd7 Qf4 31. Qe8+ Qf8 32. Qxf8+ Kxf8 33.
Rf1+ Kg7 34. Nde6+ Kh6 35. Rf7 Nhf6 36. d4 Ne3 37. e5 dxe5 38. dxe5 Nh7 39.
Rxh7# 1-0

[Event "Championnat de France des Jeunes - Benjamines"]
[Site "MONTLUCON"]
[Date "2011.04.19"]
[Round "4.5"]
[White "Baldi, Valentine"]
[Black "Vianey, Marie"]
[Result "1-0"]
[WhiteElo "1589"]
[BlackElo "1370"]
[PlyCount "63"]

1. d4 d6 2. c4 Nd7 3. Nc3 e5 4. Nf3 c6 5. e4 Ngf6 6. Bd3 Be7 7. O-O O-O 8. h3
Qc7 9. Be3 Re8 10. Qc2 h6 11. Rfd1 Nf8 12. Be2 Ng6 13. Rac1 Nh5 14. Nxe5 dxe5
15. Bxh5 Bf6 16. Bxg6 fxg6 17. d5 Be7 18. c5 cxd5 19. Nxd5 Qc6 20. Nxe7+ Rxe7
21. Rd8+ Re8 22. Rcd1 Bd7 23. R8xd7 b6 24. R1d6 Qb5 25. c6 Rac8 26. Rxg6 Kh8
27. Rgxg7 Qxc6 28. Rh7+ Kg8 29. Rdg7+ Kf8 30. Qb3 Qe6 31. Qb4+ Re7 32. Rxe7 1-0

[Event "Championnat de France des Jeunes - Benjamines"]
[Site "MONTLUCON"]
[Date "2011.04.19"]
[Round "4.6"]
[White "Dedisse, Mariane"]
[Black "Quelennec, Amelie"]
[Result "1-0"]
[WhiteElo "1530"]
[BlackElo "1525"]
[PlyCount "93"]

1. d4 g6 2. c4 Bg7 3. Nf3 Nf6 4. Nc3 O-O 5. e3 d6 6. Be2 Nbd7 7. O-O b6 8. b3
Bb7 9. Bb2 Ne4 10. Nxe4 Bxe4 11. Bd3 Bb7 12. Rc1 c5 13. Re1 h6 14. Nd2 f5 15.
e4 fxe4 16. Bxe4 Bxe4 17. Nxe4 Nf6 18. Nxf6+ Bxf6 19. Rc2 Qc7 20. d5 Bxb2 21.
Rxb2 Rf5 22. Qg4 Kg7 23. Rbe2 Re8 24. Re6 Rg5 25. Qe4 Kf7 26. h4 Rf5 27. g4 Rf6
28. Re3 Rxe6 29. Qxe6+ Kg7 30. Rf3 Qc8 31. Rf7+ Kh8 32. Qxg6 Qxg4+ 33. Qxg4 Rg8
34. Qxg8+ Kxg8 35. Rxe7 a6 36. Rd7 h5 37. Rxd6 b5 38. Re6 Kf7 39. Re2 bxc4 40.
bxc4 a5 41. d6 a4 42. d7 a3 43. d8=Q Kg6 44. Qf8 Kh7 45. Re7+ Kg6 46. Qf7+ Kh6
47. Qg7# 1-0

[Event "Championnat de France des Jeunes - Benjamines"]
[Site "MONTLUCON"]
[Date "2011.04.19"]
[Round "4.7"]
[White "Duval, Claire"]
[Black "Sauve, Anne-Charlotte"]
[Result "1/2-1/2"]
[WhiteElo "1714"]
[BlackElo "1756"]
[PlyCount "71"]

1. d4 d5 2. c4 e6 3. Nc3 Be7 4. Nf3 Nf6 5. Bg5 h6 6. Bh4 O-O 7. e3 Ne4 8. Bxe7
Qxe7 9. Nxe4 dxe4 10. Nd2 e5 11. d5 Bf5 12. g3 Nd7 13. Bg2 Nc5 14. O-O a5 15.
a3 a4 16. Qc2 Qd6 17. Rfd1 Rfe8 18. Nb1 Bg4 19. Rf1 Bf3 20. Nd2 Be2 21. Nxe4
Nxe4 22. Qxe2 Nc5 23. e4 Nb3 24. Rad1 Nd4 25. Qd3 Qb6 26. Qd2 Rad8 27. Rfe1 Qb3
28. Rc1 Qb6 29. Rc3 Nb3 30. Qe3 Nd4 31. Qc1 Nb3 32. Qc2 Nd4 33. Qc1 Nb3 34. Qc2
Nd4 35. Qc1 Nb3 36. Qc2 1/2-1/2

[Event "Championnat de France des Jeunes - Benjamines"]
[Site "MONTLUCON"]
[Date "2011.04.19"]
[Round "4.8"]
[White "Bellaiche, Elise"]
[Black "Dol, Cecile"]
[Result "1-0"]
[WhiteElo "1916"]
[BlackElo "1563"]
[PlyCount "49"]

1. e4 e6 2. d4 d5 3. Nc3 dxe4 4. Nxe4 Bd7 5. Nf3 Bc6 6. Bd3 Nd7 7. c3 Be7 8.
Qe2 Ngf6 9. Nxf6+ Bxf6 10. O-O Bxf3 11. Qxf3 c6 12. Qe4 Be7 13. Qg4 Bf6 14. f4
O-O 15. Rf3 g6 16. Bd2 Rc8 17. Raf1 Kh8 18. Rh3 Rg8 19. Qf3 Qb6 20. b3 Rcd8 21.
g4 c5 22. g5 Be7 23. Rxh7+ Kxh7 24. Qh3+ Kg7 25. Qh6# 1-0

[Event "Championnat de France des Jeunes - Benjamines"]
[Site "MONTLUCON"]
[Date "2011.04.19"]
[Round "4.9"]
[White "Thomas, Apolline"]
[Black "Rouffignac, Marie"]
[Result "1-0"]
[WhiteElo "1685"]
[BlackElo "1551"]
[PlyCount "111"]

1. d4 d5 2. Nf3 Nf6 3. c4 e6 4. g3 c5 5. cxd5 Nxd5 6. Bg2 Nc6 7. O-O Qb6 8.
dxc5 Bxc5 9. Nbd2 O-O 10. b3 Rd8 11. Bb2 Nd4 12. Nxd4 Bxd4 13. Nc4 Bxf2+ 14.
Rxf2 Ne3 15. Qc1 Nxc4 16. Qxc4 Bd7 17. Qd4 Qxd4 18. Bxd4 Bc6 19. Bxc6 bxc6 20.
Bc3 Rd5 21. e4 Rc5 22. Bd4 Rb5 23. Rc1 Rb4 24. Rd2 e5 25. Bxe5 Rxe4 26. Bf4 Re6
27. Rcd1 Rae8 28. Rd8 f6 29. Rxe8+ Rxe8 30. Kf2 g5 31. Be3 g4 32. Bxa7 Ra8 33.
Rd7 h5 34. a4 f5 35. Bb6 Ra6 36. Be3 Ra8 37. Rc7 Rb8 38. Rxc6 Rxb3 39. a5 Rb2+
40. Kg1 Rb3 41. Bf2 Kf7 42. a6 h4 43. gxh4 f4 44. a7 f3 45. a8=Q Rb1+ 46. Be1
Rxe1+ 47. Kf2 Re2+ 48. Kg3 Rg2+ 49. Kf4 Re2 50. Qb7+ Kf8 51. Rf6+ Ke8 52. Qf7+
Kd8 53. Rd6+ Kc8 54. Qd7+ Kb8 55. Rb6+ Ka8 56. Qb7# 1-0

[Event "Championnat de France des Jeunes - Benja"]
[Site "MONTLUCON"]
[Date "2011.04.19"]
[Round "4.10"]
[White "Dusserre, Salome"]
[Black "Lucas, Maurane"]
[Result "1/2-1/2"]
[WhiteElo "1560"]
[BlackElo "1670"]
[PlyCount "91"]
[EventDate "2011.??.??"]

1. e4 e6 2. d4 d5 3. Nc3 Nf6 4. e5 Nfd7 5. f4 c5 6. Nf3 Qb6 7. b3 Nc6 8. Be3
Be7 9. Qd2 O-O 10. Be2 f6 11. O-O cxd4 12. Nxd4 Bc5 13. Na4 Qb4 14. Qxb4 Nxb4
15. Nxc5 Nxc5 16. a3 Nba6 17. b4 Ne4 18. Bf3 fxe5 19. fxe5 Bd7 20. c4 Rac8 21.
cxd5 exd5 22. e6 Be8 23. Bg4 Rxf1+ 24. Rxf1 Nf6 25. e7 Rc7 26. Be6+ Kh8 27. Nf5
Bg6 28. Bg5 h6 29. Bxf6 gxf6 30. Re1 d4 31. Bd5 Kh7 32. Nd6 d3 33. Be4 Rxe7 34.
Bxg6+ Kxg6 35. Rd1 Re3 36. Nxb7 d2 37. Rxd2 Rxa3 38. Rb2 Nc7 39. Na5 Nd5 40.
Nc6 a6 41. Kf2 Nf4 42. Rb1 Nd3+ 43. Ke2 Nf4+ 44. Kf2 Nd3+ 45. Ke2 Nf4+ 46. Kf2
1/2-1/2

[Event "Championnat de France des Jeunes - Benjamines"]
[Site "MONTLUCON"]
[Date "2011.04.20"]
[Round "5.1"]
[White "Haussernot, Cecile"]
[Black "Dieuleveut, Floriane"]
[Result "1-0"]
[WhiteElo "2013"]
[BlackElo "1636"]
[Annotator ""]

1. e4 c5 2. Nc3 Nc6 3. g3 g6 4. Bg2 Bg7 5. d3 e6 6. Nge2 Nge7 7. Bg5 d6 8. O-O
Rb8 9. Qd2 h6 10. Be3 Nd4 11. f4 f5 12. Rab1 b6 13. Nd1 Bb7 14. c3 Nxe2+ 15.
Qxe2 O-O 16. Nf2 Qd7 17. h4 Kh7 18. Rbd1 Nc6 19. d4 Qe7 20. Rd2 Rbd8 21. Rfd1
Rfe8 22. h5 cxd4 23. cxd4 Qf7 24. Bf3 Re7 25. Kg2 Red7 26. d5 exd5 27. hxg6+
Qxg6 28. exf5 Qf6 29. Qd3 Ne7 30. g4 Kh8 31. Rh1 Rg8 32. Bd4 Qxd4 33. Rxh6+ 1-0

[Event "Championnat de France des Jeunes - Benjamines"]
[Site "MONTLUCON"]
[Date "2011.04.20"]
[Round "5.2"]
[White "Banat, Rizlene"]
[Black "Minaud, Emily"]
[Result "1/2-1/2"]
[WhiteElo "1667"]
[BlackElo "1670"]
[PlyCount "112"]

1. Nf3 d5 2. c4 Nf6 3. g3 c6 4. Bg2 dxc4 5. O-O Bg4 6. Ne5 Be6 7. Qc2 Qd4 8.
Nf3 Qd8 9. Ng5 Bd5 10. e4 h6 11. exd5 hxg5 12. dxc6 Nxc6 13. Bxc6+ bxc6 14.
Qxc4 Qd5 15. Qxd5 cxd5 16. Kg2 e5 17. d3 g4 18. Re1 Bd6 19. Nc3 Kd7 20. Bg5 d4
21. Bxf6 gxf6 22. Ne4 Be7 23. Rac1 Rhc8 24. a3 a5 25. Nd2 Rab8 26. Nc4 a4 27.
h3 gxh3+ 28. Kxh3 Rh8+ 29. Kg2 Bd6 30. Nxd6 Kxd6 31. Rc2 Rb3 32. Rd1 Rhb8 33.
Rdd2 f5 34. f3 f6 35. Kf2 Kd5 36. Kg2 e4 37. fxe4+ fxe4 38. dxe4+ Kxe4 39. Rc4
Rxb2 40. Rcxd4+ Kf5 41. Rf2+ Rxf2+ 42. Kxf2 Rb2+ 43. Kf1 Rb3 44. g4+ Kg5 45.
Rxa4 f5 46. gxf5 Kxf5 47. Ke2 Ke5 48. Kd2 Kd5 49. Kc2 Rh3 50. Ra6 Kc4 51. Ra4+
Kb5 52. Ra8 Rh4 53. Rb8+ Ka4 54. Ra8+ Kb5 55. Kb3 Rh3+ 56. Kc2 Rh4 1/2-1/2

[Event "Championnat de France des Jeunes - Benjamines"]
[Site "MONTLUCON"]
[Date "2011.04.20"]
[Round "5.3"]
[White "Baldi, Valentine"]
[Black "Dedisse, Mariane"]
[Result "1-0"]
[WhiteElo "1589"]
[BlackElo "1530"]
[PlyCount "55"]

1. d4 Nf6 2. c4 e6 3. Nc3 Bb4 4. e3 O-O 5. Bd3 d6 6. Nf3 b6 7. e4 Re8 8. e5
dxe5 9. dxe5 Bxc3+ 10. bxc3 Nfd7 11. Bf4 Nc5 12. Bxh7+ Kf8 13. Qc2 Bb7 14. Qe2
Bxf3 15. Qxf3 Nbd7 16. O-O Qh4 17. Bc2 Rac8 18. Rad1 Nb8 19. Rd4 Red8 20. Rfd1
Rxd4 21. Rxd4 Rd8 22. Bg3 Qe7 23. Bh4 g5 24. Qh5 f6 25. Qh8+ Kf7 26. Rxd8 fxe5
27. Qg8+ Kf6 28. Bxg5# 1-0

[Event "Championnat de France des Jeunes - Benjamines"]
[Site "MONTLUCON"]
[Date "2011.04.20"]
[Round "5.4"]
[White "Imperor, Lorene"]
[Black "Bellaiche, Elise"]
[Result "0-1"]
[WhiteElo "1672"]
[BlackElo "1916"]
[PlyCount "86"]

1. d4 e6 2. c4 Nf6 3. Nc3 Bb4 4. Qc2 c5 5. dxc5 Na6 6. a3 Bxc3+ 7. Qxc3 Nxc5 8.
f3 b6 9. b4 Na6 10. e4 O-O 11. Bd3 d5 12. Ne2 dxe4 13. Bxe4 Nxe4 14. fxe4 Bb7
15. Ng3 Qd7 16. O-O Rad8 17. Bb2 f6 18. Qe3 Qd2 19. Qxd2 Rxd2 20. Bc3 Rd3 21.
Rac1 e5 22. Kf2 Rfd8 23. Ke2 h5 24. Rf3 R3d7 25. h4 Nc7 26. Re3 g6 27. Rf1 Kg7
28. Rff3 Ne6 29. Kf2 Nf4 30. Ne2 Nd3+ 31. Kg3 f5 32. Nf4 Nxf4 33. Bxe5+ Kh7 34.
Rxf4 fxe4 35. Re2 Rd3+ 36. Kh2 Rxa3 37. c5 Rb3 38. cxb6 axb6 39. Bc7 Rd1 40.
Bxb6 Rxb4 41. Bc5 Rbb1 42. Rff2 g5 43. hxg5 h4 0-1

[Event "Championnat de France des Jeunes - Benjamines"]
[Site "MONTLUCON"]
[Date "2011.04.20"]
[Round "5.5"]
[White "Sauve, Anne-Charlotte"]
[Black "Malassagne, Isabelle"]
[Result "1-0"]
[WhiteElo "1756"]
[BlackElo "1638"]
[PlyCount "104"]

1. e4 c5 2. Nf3 d6 3. c3 Nf6 4. Be2 Nc6 5. d3 g6 6. O-O Bg7 7. Nbd2 O-O 8. Re1
a6 9. a4 Rb8 10. d4 cxd4 11. cxd4 Qc7 12. Bf1 Nb4 13. Nc4 d5 14. Bd2 dxe4 15.
Bxb4 exf3 16. Rxe7 Qc6 17. Ne5 Qb6 18. Bc5 Qd8 19. Qxf3 Nd5 20. Rxf7 Re8 21.
Bc4 Be6 22. Ba7 Rc8 23. Rd7 Qxd7 24. Nxd7 Rxc4 25. Nc5 Rf8 26. Qe4 Bf7 27. Nd7
Re8 28. Qh4 Be6 29. Nc5 Rxd4 30. Ne4 g5 31. Qxg5 Rxe4 32. f3 Re5 33. Qg3 b6 34.
a5 Rf8 35. axb6 Nf4 36. Re1 Ne2+ 37. Rxe2 Rxe2 38. b7 Rxb2 39. b8=Q Rfxb8 40.
Bxb8 Kf8 41. Be5 Rb1+ 42. Kf2 Bh6 43. Qh4 Bg7 44. Bxg7+ Kxg7 45. Qe7+ Bf7 46.
f4 Rb3 47. Qg5+ Kf8 48. Qh6+ Kg8 49. Qxa6 Rb2+ 50. Kg3 Rb3+ 51. Kh4 Rc3 52.
Qa8+ Kg7 1-0

[Event "Championnat de France des Jeunes - Benjamines"]
[Site "MONTLUCON"]
[Date "2011.04.20"]
[Round "5.6"]
[White "Dory, Manon"]
[Black "Auvray, Honorine"]
[Result "1-0"]
[WhiteElo "1620"]
[BlackElo "1735"]
[PlyCount "71"]

1. e4 c5 2. Nf3 Nc6 3. d4 cxd4 4. Nxd4 Nf6 5. Nc3 d6 6. Bg5 e6 7. f3 Be7 8. Bc4
O-O 9. Qd2 a6 10. O-O-O Nxd4 11. Qxd4 b5 12. Be2 Qa5 13. a3 Rb8 14. Qb4 Qc7 15.
Bxf6 gxf6 16. Qd4 Qc6 17. g4 Bd7 18. h4 a5 19. g5 fxg5 20. e5 Qb6 21. Qxb6 Rxb6
22. exd6 Rxd6 23. Rxd6 Bxd6 24. Bxb5 Bf4+ 25. Kb1 Bxb5 26. Nxb5 Rb8 27. a4 gxh4
28. Rxh4 e5 29. b3 Kg7 30. Nd6 Bd2 31. Nc4 Bc3 32. Re4 Rd8 33. Kc1 f6 34. Re3
Bb4 35. Kb2 Bc5 36. Re1 1-0

[Event "Championnat de France des Jeunes - Benjamines"]
[Site "MONTLUCON"]
[Date "2011.04.20"]
[Round "5.7"]
[White "Joudelat, Noemie"]
[Black "Nicolas, Gabrielle"]
[Result "0-1"]
[WhiteElo "1732"]
[BlackElo "1580"]
[PlyCount "70"]

1. e4 d5 2. exd5 Qxd5 3. Nc3 Qa5 4. d4 Nf6 5. Nf3 Bg4 6. Be2 e6 7. a3 Nbd7 8.
Nd2 Bh5 9. g4 Bg6 10. Nc4 Qa6 11. f3 Qc6 12. Rg1 a6 13. h4 h6 14. h5 Bh7 15.
Na5 Qb6 16. b4 O-O-O 17. Be3 e5 18. Nc4 Qe6 19. d5 Qe7 20. Bd3 e4 21. Be2 b5
22. Na5 exf3 23. Qd4 Qe5 24. Qxe5 Nxe5 25. Bf1 Nfxg4 26. Bh3 Bf5 27. Bd4 f2+
28. Bxf2 Nf3+ 29. Kf1 Nxg1 30. Kxg1 g6 31. Bd4 Rg8 32. hxg6 Rxg6 33. Nc6 Rdd6
34. Ne5 Nxe5+ 35. Kh2 Nf3+ 0-1

[Event "Championnat de France des Jeunes - Benjamines"]
[Site "MONTLUCON"]
[Date "2011.04.20"]
[Round "5.8"]
[White "Vernet, Solene"]
[Black "Susini, Noelia"]
[Result "0-1"]
[WhiteElo "1707"]
[BlackElo "1623"]
[PlyCount "74"]

1. e4 e5 2. Nf3 Nc6 3. d4 exd4 4. Nxd4 Bc5 5. Be3 Qf6 6. c3 Nge7 7. Bc4 Qg6 8.
O-O O-O 9. Re1 Ne5 10. Bb3 d6 11. Bf4 Bh3 12. Bg3 Bg4 13. Qd2 Kh8 14. Bc2 f5
15. b4 Bb6 16. Kh1 Rad8 17. Rf1 Qf6 18. Qf4 N5g6 19. Qe3 f4 20. Bxf4 Nxf4 21.
h3 Bd7 22. Qg3 Nh5 23. Qh2 Nc6 24. Nf3 Rde8 25. a4 a5 26. Bb3 Ne5 27. Nbd2 Nd3
28. g4 Nhf4 29. g5 Qxc3 30. h4 Ne5 31. Nxe5 Qxe5 32. Nc4 Qxe4+ 33. f3 Qg6 34.
bxa5 Re2 35. Qg3 Nh5 36. Qe1 Rfe8 37. Qb4 Ng3# 0-1

[Event "Championnat de France des Jeunes - Benjamines"]
[Site "MONTLUCON"]
[Date "2011.04.20"]
[Round "5.9"]
[White "Saliou, Sarah"]
[Black "Thomas, Apolline"]
[Result "*"]
[WhiteElo "1640"]
[BlackElo "1685"]
[PlyCount "101"]

1. e4 e5 2. d4 exd4 3. Qxd4 Nc6 4. Qe3 d6 5. Nc3 Nf6 6. Bc4 Be6 7. Bb3 Bxb3 8.
axb3 g6 9. Nf3 Bg7 10. O-O O-O 11. Qe2 Re8 12. Bg5 Qd7 13. Bxf6 Bxf6 14. Rfe1
a6 15. Qd2 b5 16. Nd5 Bg7 17. h3 Ne7 18. c3 Nxd5 19. exd5 Rxe1+ 20. Rxe1 Re8
21. Rxe8+ Qxe8 22. Nd4 Bxd4 23. Qxd4 Qe1+ 24. Kh2 Qe5+ 25. Qxe5 dxe5 26. Kg3
Kf8 27. Kf3 Ke7 28. Ke4 Kd6 29. c4 f5+ 30. Kd3 Kc5 31. Kc3 bxc4 32. bxc4 a5 33.
b3 h5 34. h4 c6 35. dxc6 Kxc6 36. b4 axb4+ 37. Kxb4 e4 38. g3 g5 39. hxg5 Kd7
40. g6 Ke7 41. c5 f4 42. gxf4 h4 43. g7 Kf7 44. c6 h3 45. c7 h2 46. c8=Q h1=Q
47. Qf8+ Ke6 48. g8=Q+ Kd7 49. Qf5+ Kc7 50. Qg7+ Kd6 51. Qfg6+ *

[Event "Championnat de France des Jeunes - Benjamines"]
[Site "MONTLUCON"]
[Date "2011.04.20"]
[Round "5.10"]
[White "Quelennec, Amelie"]
[Black "Duval, Claire"]
[Result "1/2-1/2"]
[WhiteElo "1525"]
[BlackElo "1714"]
[PlyCount "113"]

1. b3 d5 2. Bb2 Nf6 3. e3 c6 4. f4 Bf5 5. Nf3 Bg4 6. Be2 Bxf3 7. Bxf3 Nbd7 8.
O-O Qc7 9. Qe2 e5 10. Nc3 Bd6 11. Bg4 h5 12. Bf5 O-O-O 13. Bxd7+ Nxd7 14. Qf3
f6 15. Ne2 h4 16. Qg4 Rdg8 17. Rac1 g5 18. fxe5 Bxe5 19. Bxe5 Qxe5 20. Nd4 Re8
21. Nf5 Kc7 22. Ng7 Re7 23. Nf5 Rf7 24. d4 Qe8 25. c4 Nb6 26. c5 Nc8 27. g3 h3
28. Qf3 Qe6 29. g4 Kb8 30. Rf2 Rd7 31. Rcf1 Rhh7 32. Qe2 Rdf7 33. b4 a6 34. a4
Qd7 35. Qb2 b5 36. a5 Rf8 37. Qe2 Qe6 38. Ng3 Ne7 39. Nh5 Ng8 40. Qf3 Re7 41.
Re1 Rh7 42. Qxh3 Re8 43. Qg3+ Kb7 44. Rf3 Rf8 45. Ref1 Rhf7 46. R1f2 Ka7 47.
Qd6 Qxg4+ 48. Ng3 Qd7 49. Qxd7+ Rxd7 50. Nf5 Rh7 51. Kg2 Kb8 52. Nd6 Kc7 53. e4
dxe4 54. Nxe4 Rd7 55. Nxf6 Nxf6 56. Rxf6 Rxf6 57. Rxf6 1/2-1/2

[Event "Championnat de France des Jeunes - Benjamines"]
[Site "MONTLUCON"]
[Date "2011.04.21"]
[Round "6.1"]
[White "Minaud, Emily"]
[Black "Haussernot, Cecile"]
[Result "0-1"]
[WhiteElo "1670"]
[BlackElo "2013"]
[Annotator ""]

1. e4 c5 2. Nf3 d6 3. Bb5+ Nd7 4. c4 Ngf6 5. Nc3 e6 6. d4 cxd4 7. Nxd4 Be7 8.
f3 O-O 9. Be3 a6 10. Bxd7 Nxd7 11. Qd2 Ne5 12. b3 Bd7 13. O-O Bc6 14. Rfd1 Qc7
15. a4 b6 16. Nc2 f5 17. Nd4 Qd7 18. exf5 exf5 19. Nxc6 Nxc6 20. Bxb6 Rf6 21.
Nd5 Rf7 22. Nxe7+ Rxe7 23. Qxd6 Re1+ 24. Kf2 Qxd6 25. Rxd6 Rxa1 26. Rxc6 f4 27.
Bd4 Ra2+ 28. Kf1 Rd8 29. Bf2 Rdd2 30. Be1 Rxg2 31. Rxa6 Rxh2 32. Kg1 Rhe2 33.
Kf1 Re3 34. Ra8+ Kf7 35. Ra7+ Kg6 36. Ra6+ Kh5 37. Ra5+ g5 38. Ra7 Ra1 39.
Rxh7+ Kg6 40. Rb7 Raxe1+ 41. Kg2 R3e2+ 42. Kh3 Rh1+ 43. Kg4 Rg2# 0-1